Т. 10, Кн. 2 : Русское искусство конца XIX- начала XX века; История русского искусства

書目詳細資料
Parent link:История русского искусства: В 12 т./ под ред. И. Э. Грабаря. Т. 10, Кн. 2 : Русское искусство конца XIX- начала XX века.— , 1953-1964
語言:俄语
出版: 1969
主題:
格式: MixedMaterials 圖書
KOHA link:https://koha.lib.tpu.ru/cgi-bin/koha/opac-detail.pl?biblionumber=21042

MARC

LEADER 00000nam2a2200000 4500
001 21042
005 20231101205410.0
035 |a (RuTPU)RU\TPU\book\21237 
035 |a BOOK00005930 
090 |a 21042 
100 |a 20011209d1969 km y0rusy50 ca 
101 0 |a rus 
102 |a RU 
105 |a a z 000zy 
200 0 |a Т. 10, Кн. 2 : Русское искусство конца XIX- начала XX века 
210 |d 1969 
215 |a 559 с.  |c ил 
461 1 |0 (RuTPU)RU\TPU\book\67483  |t История русского искусства  |o В 12 т.  |f под ред. И. Э. Грабаря  |v Т. 10, Кн. 2 : Русское искусство конца XIX- начала XX века  |d 1953-1964 
606 1 |a Искусство  |x История  |2 stltpush  |3 (RuTPU)RU\TPU\subj\13188  |9 39839 
610 1 |a искусство 
610 1 |a история 
610 1 |a изобразительное искусство 
610 1 |a русское искусство 
610 1 |a живопись 
610 1 |a графика 
610 1 |a 19 век 
610 1 |a 20 век 
610 1 |a Россия 
610 1 |a скульптура 
610 1 |a архитектура 
610 1 |a художественная промышленность 
610 1 |a народное искусство 
675 |a 7.03  |v 3 
801 0 |a RU  |b 63413507  |c 20011209  |g PSBO 
801 2 |a RU  |b 63413507  |c 20221102  |g PSBO 
942 |c BK